มุมมองปกติ
มุมมองแบบ MARC
- ธรรมศักดิ์มนตรี,
รายการ Personal Name
001 - CONTROL NUMBER
- control field: 39097
003 - CONTROL NUMBER IDENTIFIER
- control field: NALT
005 - DATE AND TIME OF LATEST TRANSACTION
- control field: 20210222143049.0
008 - FIXED-LENGTH DATA ELEMENTS
- fixed length control field: 190429|| aca||aabn | a|a d
040 ## - CATALOGING SOURCE
- Original cataloging agency: NALT
100 0# - HEADING--PERSONAL NAME
- Personal name: ธรรมศักดิ์มนตรี,
- Titles and other words associated with a name: เจ้าพระยา,
- Dates associated with a name: 2419-2486
